Camarguaise (La)
<< Retourner aux résultats de la recherche
| Auteur principal : | Françoise Bourdin |
|---|---|
| Titre : | Camarguaise (La) |
| Support : | Livres à gros caractères |
| Langue : | Francais |
| Genre : |
Roman |
| Sujets : | |
| Étiquettes : |
Pas de tags
|
| LEADER | 00660nam0a2200181 450 | ||
|---|---|---|---|
| 001 | 16866642 | ||
| 010 | |a 978-2-36360-303-6 |b br. |d 23 € | ||
| 100 | |a 20150512d2015 u u0frey01 ba | ||
| 101 | 0 | |a fre | |
| 102 | |a FR | ||
| 200 | 0 | |a Camarguaise (La) |f Françoise Bourdin | |
| 207 | 1 | |a  | |
| 215 | |a 1 vol. (480 p.) |d 22 x 15 cm | ||
| 330 | |a Jordane veut transformer Biloba, la bastide familiale, en hôtel de luxe. Violemment critiquée par son entourage, elle se bat seule. | ||
| 700 | 0 | |a Bourdin |b Françoise |f 1952-.... |4 70 | |
| 900 | |a Roman | ||
| 901 | |a Adultes | ||
| 995 | |a Médiathèque |c Médiathèque |f 00156008786980 |h 00156008786980 |k R BOU |o p |q a |r ag |e Médiathèque | ||